Guess the Mystery Category #0 (Made with JoMama8MyPatater) - Statistics

General Stats
  • This quiz has been taken 42 times
  • The average score is 13 of 30
Answer Stats
Hint Answer % Correct
____-Flop Flip
87%
An Asian Animal That Learns Martial Arts Kung Fu Panda
84%
African Island Country Madagascar
84%
Fruit that Grows On A Tree Apple
81%
A Galaxy in the Universe Milky Way
74%
Ogre Shrek
71%
Opposite of Dumb Smart
68%
Kings of the Jungle Lions
58%
Category Dreamworks Movies
52%
Category Candy
48%
"Get off My _____ Minecraft Server!" Christian
48%
Category Phones
48%
A Scandinavian Nationality + what is caught on a rod Swedish Fish
45%
A Monster that lives under a bridge Trolls
45%
Explorers from Norway Vikings
45%
Animal that you never want to wrestle Bears
42%
People that believe in Buddha Buddhism
42%
Category Religions
42%
No One Lays a Finger on my Better ____ Butterfinger
35%
People that load meat Packers
35%
The Director of Threat Level Midnight Michael
29%
Describes Lemons Sweet Tart
29%
Jesus Jewish
23%
Shoe Line (Not Brand) Jordan
23%
Category NFC North
16%
Zeus, Poseidon, Hades, etc. Greek Orthodox
13%
The Name of The Cube in Fortnite Kevin
13%
The Iron Ant Pokemon In Gen 5 Durant
10%
Category Basketball Players
6%
A Club For People Who Do Good Things Rotary
6%
No matching quizzes found
Score Distribution
Percent of People with Each Score
Percentile by Number Answered
Your Score History
You have not taken this quiz